000 00288nam a22001337a 4500
008 171201b xxu||||| |||| 00| 0 eng d
020 _a9780134352930
041 _aeng
080 _a82 JAC
100 _a21
101 _aGJL
245 _aLITERATURE
_cJACOBS,H,H
942 _2udc
_cBK
999 _c38672
_d38672